00826aam a2200277 450000500170000000800410001704100080005808200160006610000310008224500830011326000140019626000120021026000090022230000180023165000330024965000260028265000280030865000360033665000340037265000220040665000190042865000330044794200070048099900130048795200480050020190220190625.0150602b xxu||||| |||| 00| 0 spa d aspa a158.1 A469c aAlles, Martha Alicia94729 aConciliar vida profesional y personal: dos miradas organizacional e individual aArgentina bGranica c2010 a433 páginas aSUPERACIÓN PERSONAL 92235 aVIDA PROFESIONAL9511 aRECURSOS HUMANOS952411 aVALORES ORGANIZACIONALES921648 aSATISFACCIÓN LABORAL914814 aCOMPETENCIAS9525 aCARRERA921649 aMUJERES PROFESIONALES921650 cBK c921d921 104070aBACBbBACBo158.1 A469cp17587yBK